Karcinóm pankreasu - diagnostika a liečba

Bibliographic Details
Main Author: Mardiak, Jozef, 1953- (Author)
Format: Article
Language:Slovak
ISSN:1335-8359
Subjects:

MARC

LEADER 00000nab a2200000 a 4500
001 vtls000824482
003 SK-MaSNL
005 20260304222958.0
008 250505c2002 xo 0 slo
015 |a SNBRB2003/02-04912 
035 |a CLN000176137 
035 |a urn:nbn:sk:snk-ab31yc 
035 |a (urnnbn)urn:nbn:sk:snk:ar-a05jc4 
035 |a (uuid)1f48e970-3387-4584-976b-eca0bace1bd5 
040 |a SNKBUCL  |b slo  |c SNKBUCL  |e AACR2 
041 0 |a slo 
044 |a xo  |c SK 
080 |a 616.37-006.6:82.09  |2 1997 
100 1 |a Mardiak, Jozef,  |d 1953-  |4 aut  |9 11847 
245 1 0 |a Karcinóm pankreasu - diagnostika a liečba  |c Jozef Mardiak 
650 0 7 |a knižné prehľady  |2 SNK  |9 843340 
650 0 7 |a pankreas  |2 SNKPH  |9 18643 
650 0 7 |a farmakoterapia  |2 SNKPH  |9 14158 
650 0 7 |a rádioterapia  |2 SNKPH  |9 2580 
650 0 7 |a chirurgia  |2 SNKPH  |9 2178 
650 0 7 |a patologická fyziológia  |2 SNKPH  |9 2562 
650 0 7 |a karcinóm pankreasu  |2 SNKPH  |9 86423 
655 7 |a články z novín a časopisov  |2 SNK  |9 267496 
773 0 |t Interná medicína s prílohou Všeobecné lekárstvo  |g Roč. 2, č. 8 (2002), s. 510  |x 1335-8359 
787 0 8 |i Rec.:  |a Šálek, Tomáš  |t Karcinóm pankreasu - diagnostika a liečba 
850 |a Slovenská národná knižnica 
852 |a Slovenská národná knižnica 
954 |a odborná, vedecká literatúra pôvodná (slovenská)  |2 lita 
958 |a article2022 
958 |a MI 
958 |a NB 
958 |a OND 
958 |a EUIPO 
999 |c 3165921  |d 3167851